Представление документа в формате RUSMARC

ПолеНазваниеЗначение
  Тип записи a
  Библиографический уровень m
001 Контрольный номер UONB/MAIN/5c4f7ba8bcf141dfa243a19f3f7158d0
005 Дата корректировки 20260416174830.1
010 Индекс ISBN __
d Цена 65 к.
100 Данные общей обработки __
a Данные общей обработки 20260416d1913 u y0rusy0189 ca
101 Язык документа 0_
a Язык текста rus
102 Страна публикации __
a Страна публикации RU
105 Кодированные данные (монография) __
a Кодированные данные (монография) a z 001yy
200 Заглавие и сведения об ответственности 1_
a Заглавие К вопросу, в какой палате скончался император Петр Великий
f Первые сведения об ответственности Ф. Литвинов
210 Выходные данные 1_
d Дата издания 1913
215 Физическое описание __
a Объем 19 с.
c Иллюстрации/тип воспроизводства ил., табл.
320 Библиография __
a Библиография Библиогр. в подстроч. примеч.
461 Уровень набора _0
1 2001
a Сборник Музея антропологии и этнографии
v Т. 14
1 2101
a Санкт-Петербург
c Наука, Санкт-Петербургское отделение
d 1900-
1 300
a Доп. тит. л. фр.
1 001UONB/MAIN/77ff1e0278f642a191f97e1f573595f3
1 203
a Текст
b визуальный
c непосредственный
1 215
d 30 см
1 71002
a Музей антропологии и этнографии им. Петра Великого (Санкт-Петербург)
4 570
600 Персоналии _1
a Персоналии (Фамилия) Петр I (имп.)
607 Географические рубрики __
a Географическое наименование Россия
x Тематический подзаголовок История
z Хронологический подзаголовок 17 в.
610 Ключевые слова 0_
a Ключевые слова кончина Петра I; старый Зимний дворец; исторические исследования
686 Индексы других классификаций __
a Классификационный индекс 63.3(2)511
2 Код системы rubbk
700 Автор _1
a Фамилия Литвинов
b Имя (инициалы) Ф.
801 Источник записи _0
a Страна RU
b Организация Ульяновская ОНБ
c Дата составления 20260416
g Правила каталогизации RCR
801 Источник записи _1
a Страна RU
b Организация Ульяновская ОНБ
c Дата составления 20260416
g Правила каталогизации RCR
901 Тип документа __
t Тип документа n
w Контрольный № источника UONB/MAIN/77ff1e0278f642a191f97e1f573595f3
909 Создатель записи __
a Создатель записи Моргунова
b Дата создания записи 20260416